000 00295nam a22001337a 4500
008 170725b xxu||||| |||| 00| 0 eng d
020 _a9780133499452
041 _aeng
080 _23RD
_a004
100 _a29
101 _aSHK
245 _aCOMPUTER NETWORKS
_cTANENBAUM,A.S
942 _2udc
_cBK
999 _c21859
_d21859